| 000 | 00455cam a22001097a 4500 | ||
|---|---|---|---|
| 008 | 180718b1966 xxu||||| |||| 00| 0 eng d | ||
| 082 | _aO213x54 In7/Med/66/1 | ||
| 245 |
_aStock taking of dental personnel in India: manpower group survey (health and medical manpower) _cby Institute of Applied Manpower Research |
||
| 260 |
_aNew Delhi _bInstitute of Applied Manpower Research _c1966 |
||
| 300 | _a36p. | ||
| 700 | _aIndia. Institute of Applied Manpower Research | ||
| 999 |
_c494233 _d494233 |
||